Winning at interviews (Record no. 3847)

MARC details
000 -LEADER
fixed length control field 00577nam a2200217Ia 4500
003 - CONTROL NUMBER IDENTIFIER
control field OSt
005 - DATE AND TIME OF LATEST TRANSACTION
control field 20220107122736.0
008 - FIXED-LENGTH DATA ELEMENTS--GENERAL INFORMATION
fixed length control field 130318s9999 xx 000 0 und d
020 ## - INTERNATIONAL STANDARD BOOK NUMBER
International Standard Book Number 8129700603
040 ## - CATALOGING SOURCE
Transcribing agency IIITM-K
082 ## - DEWEY DECIMAL CLASSIFICATION NUMBER
Classification number 658.31124 THO/W;1
100 ## - MAIN ENTRY--PERSONAL NAME
Personal name Thorphe, Edgar
9 (RLIN) 4131
245 ## - TITLE STATEMENT
Title Winning at interviews
Statement of responsibility, etc. by Edgar Thorpe; Showick Thorpe
250 ## - EDITION STATEMENT
Edition statement 5th ed.
260 ## - PUBLICATION, DISTRIBUTION, ETC.
Name of publisher, distributor, etc. Pearson,
Place of publication, distribution, etc. New Delhi,
Date of publication, distribution, etc. 2013.
300 ## - PHYSICAL DESCRIPTION
Extent xii, 276p.
650 ## - SUBJECT ADDED ENTRY--TOPICAL TERM
Topical term or geographic name entry element MANAGEMENT
9 (RLIN) 4132
650 ## - SUBJECT ADDED ENTRY--TOPICAL TERM
Topical term or geographic name entry element PERSONNAL MANAGEMENT
9 (RLIN) 4133
700 ## - ADDED ENTRY--PERSONAL NAME
Personal name Thorpe, Showick
9 (RLIN) 4134
942 ## - ADDED ENTRY ELEMENTS (KOHA)
Source of classification or shelving scheme Dewey Decimal Classification
Koha item type Books
Holdings
Withdrawn status Lost status Source of classification or shelving scheme Damaged status Not for loan Collection code Home library Current library Shelving location Date acquired Cost, normal purchase price Total Checkouts Full call number Barcode Date last seen Date last checked out Price effective from Koha item type
    Dewey Decimal Classification     Quantitative Aptitude/ Training Development/ Interview Kerala University of Digital Sciences, Innovation and Technology Knowledge Centre Kerala University of Digital Sciences, Innovation and Technology Knowledge Centre Management 17/04/2014 149.00 2 658.31124 THO/W;1 3514 07/08/2025 07/07/2025 17/04/2014 Books